000 00856nam a22001817a 4500
003 UA-OsUOA
001 15055
007 ta
008 20031029b un ||||| |||| 00| 0 ukr d
100 _aВальчук П.
942 _cSA
040 _aUA-OsUOA
_cUA-OsUOA
_dUA-OsUOA
245 _aРада Європи обрала "Корчагінець"
_b[120 дітей -спортсменів із регіонів України та Білорусі, які постраждали внаслідок аварії на ЧАЕС, відпочивали в санаторно-оздоров. комплексі "Корчагінець" на кошти спорткомітету Ради Європи]
300 _aС.10
955 _a0
773 0 _w0
_tСім днів
_dРівне
_d2003
_g№32
650 7 _aКраєзнавча робота
_2UDC
999 _c301220
_d301220